000 00671cab a2200217 4500
001 ABS44053
008 090401t1991 xxu||||| |||| 00| 0 eng d
035 _a(Sirsi) u45092
041 _aeng
245 _aMicroflat: Trinity Modular technology
260 _c1991
350 _a0
490 _aArchitects` Journal
_v193(7) 13 February 1991, 51-53(3)
520 _aDescribes the Microflat a single-person housing module designed on the same principle as lift shaft modules and toilet pods .
650 _aFLATS
650 _aMODULAR BUILDING
650 _aPREFABRICATION
690 _aBUILT ENVIRONMENT-CONSTRUCTION DESIGN
942 _n0
948 _c04/03/1997
999 _c28667
_d28667